La fatigue intellectuelle et physique / (Record no. 107726)

MARC details
000 -LEADER
campo de control de longitud fija 00544nam a2200181 4500
001 - NÚMERO DE CONTROL
campo de control 107726
003 - IDENTIFICADOR DE NÚMERO DE CONTROL
campo de control ES-MaACL
005 - FECHA Y HORA DE LA ÚLTIMA TRANSACCIÓN
campo de control 20230906184458.0
007 - CAMPO FIJO DE DESCRIPCIÓN FÍSICA--INFORMACIÓN GENERAL
campo de control de longitud fija t|
008 - DATOS DE LONGITUD FIJA--INFORMACIÓN GENERAL
campo de control de longitud fija 061121s1905 fr r ||||1| fre d
100 1# - ENTRADA PRINCIPAL--NOMBRE DE PERSONA
Nombre de persona Mosso, Angelo.
9 (RLIN) 83806
245 13 - MENCIÓN DEL TÍTULO
Título La fatigue intellectuelle et physique /
Mención de responsabilidad, etc. Angelo Mosso; traduit de l'italien sur la Vº edition par P. Langlois.
250 ## - MENCION DE EDICION
Mención de edición 5e. ed.
260 ## - PUBLICACIÓN, DISTRIBUCIÓN, ETC.
Lugar de publicación, distribución, etc. París :
Nombre del editor, distribuidor, etc. Alcan,
Fecha de publicación, distribución, etc. 1905.
300 ## - DESCRIPCIÓN FÍSICA
Extensión XII, 191 p. :
Otras características físicas il. ;
Dimensiones 18 cm.
700 1# - ENTRADA AGREGADA--NOMBRE PERSONAL
Nombre de persona Langlois, P.
9 (RLIN) 70068
852 ## - LOCALIZACIÓN
Ubicación ES-MaACL
Número de control de estantería F-12000
Holdings
Estatus retirado Estado de pérdida Estado de daño No para préstamo Biblioteca de origen Biblioteca actual Ubicación en estantería Fecha de adquisición Fuente de adquisición Total de préstamos Signatura topográfica completa Código de barras Visto por última vez Precio de reemplazo Tipo de ítem Koha
        Biblioteca del Ateneo de Madrid Biblioteca del Ateneo de Madrid Sala Pecera Planta 2 17/01/2008     F-12000 1112427 23/02/2023 23/02/2023 Libro impreso